| 000 | 01123cam a2200313 a 4500 | ||
|---|---|---|---|
| 001 | 292 | ||
| 003 | FISKH | ||
| 005 | 20230809141531.0 | ||
| 008 | 040915r20051953nyu c 000 1 eng | ||
| 010 | _a 2004113555 | ||
| 040 |
_aDLC _cDLC _dDLC _dFISKH _beng |
||
| 042 | _alcac | ||
| 050 | 0 | 0 | _aPZ7.L58474 |
| 082 | 0 | 0 |
_a813 _222 |
| 100 | 1 |
_aLewis, C. S. _q(Clive Staples), _d1898-1963. |
|
| 245 | 1 | 4 |
_aThe silver chair / _cC.S. Lewis. |
| 260 |
_aNew York : _bHarperCollins, _c2015 |
||
| 300 |
_a191 pages : _b18 cm. |
||
| 490 | 1 |
_aThe chronicles of Narnia ; _vBook 6 |
|
| 505 | _aO | ||
| 520 | _aTwo English children undergo hair-raising adventures as they go on a search and rescue mission for the missing Prince Rilian, who is held captive in the underground kingdom of the Emerald Witch. | ||
| 521 | 8 |
_a840
_bLexile |
|
| 521 | 8 |
_aO
_bRaz-Plus |
|
| 650 | 1 | _aFantasy. | |
| 800 | 1 |
_aLewis, C. S. _q(Clive Staples), _d1898-1963. _vbk. 6. |
|
| 856 | 4 | 2 |
_3Publisher description _uhttp://www.loc.gov/catdir/enhancements/fy0633/2004113555-d.html |
| 906 |
_a7 _bcbc _corignew _d2 _eepcn _f20 _gy-gencatlg |
||
| 942 |
_2ddc _cBK _n0 |
||
| 999 |
_c292 _d292 |
||